| 000 | 01160 a2200325 4500 | ||
|---|---|---|---|
| 999 |
_c200420437 _d36736 |
||
| 001 | 200420437 | ||
| 003 | TR-AnTOB | ||
| 005 | 20240815164514.0 | ||
| 008 | 141103s2012 tu 001 0 | ||
| 020 | _a9789751625090 | ||
| 040 |
_aTR-AnTOB _btur _erda _cTR-AnTOB |
||
| 041 | _atur | ||
| 050 | 0 |
_aDK917 _b.S34 2012 |
|
| 090 | _aDK917 .S34 2012 | ||
| 100 | 1 |
_aSağır, Adem _9101603 |
|
| 245 | 0 | 0 |
_aBatum’dan Orta Asya’ya bir yol hikayesi : _bSürgün Karadeniz Türklerinin sosyal yapısı / _cAdem Sağır. |
| 264 | 1 |
_aAnkara: _bAtatürk Kültür Merkezi, _c2012. |
|
| 300 |
_a253 sayfa : _bresim ; _c24 cm |
||
| 336 |
_atext _2rdacontent _btxt |
||
| 337 |
_aunmediated _2rdamedia _bn |
||
| 338 |
_avolume _2rdacarrier _bnc |
||
| 490 | 0 |
_aAtatürk Kültür Merkezi Yayını ; _v421 |
|
| 500 | _aIncludes bibliographical references. | ||
| 650 | 0 |
_aZorunlu göç _zKaradeniz Bölgesi _xTarih _9101604 |
|
| 650 | 0 |
_aForced migration _zBlack Sea Region _xHistory _9101605 |
|
| 650 | 0 |
_aTürk halkları _zKaradeniz Bölgesi _xTarih _9101606 |
|
| 650 | 0 |
_aTurkic peoples _xBlack Sea region _xHistory _9101607 |
|
| 942 |
_cBK _2lcc |
||